000 00849cam a22002893a 4500
001 39964
003 PGUSA
005 20140828083906.0
008 120610s2012||||xxu|||||s|||||000 | eng d
040 _aPGUSA
_beng
042 _adc
050 4 _aB
100 1 _aDietzgen, Joseph,
_d1828-1888
245 1 4 _aThe Positive Outcome of Philosophy :
_bThe Nature of Human Brain Work. Letters on Logic.
_h[electronic resource] /
_cJoseph Dietzgen
260 _bProject Gutenberg,
_c2012
506 _aPublic domain in the USA.
516 _aElectronic text
653 _aPhilosophy
653 _aLogic
653 _aKnowledge, Theory of
700 1 _aDietzgen, Eugen
700 1 _aUntermann, Ernest
700 1 _aDietzgen, Joseph,
_cJr
830 0 _aProject Gutenberg
_v39964
856 4 0 _uhttp://www.gutenberg.org/ebooks/39964
942 _cEB
999 _c269217
_d269217